| 000 | 00579nam a22001457a 4500 | ||
|---|---|---|---|
| 003 | MACL | ||
| 005 | 20200904122551.0 | ||
| 008 | 200904b xxu||||| |||| 00| 0 eng d | ||
| 040 | _cMACL | ||
| 100 |
_aशर्मा,गंगा प्रसाद _973669 |
||
| 245 | _aअलीबाबा और चालीस चोर तथा अन्य मनोरंजक कहानियॉं | ||
| 260 |
_aदिल्ली _bबैनियन ट्री पब्लिशर्स _c2016 |
||
| 650 |
_aचिल्ड्रन बुक _9159 |
||
| 942 |
_2ddc _cHIN |
||
| 999 |
_c63122 _d63122 |
||